000 00714nam a2200253Ia 4500
003 OSt
005 20220925235652.0
006 a|||||r|||| 00| 0
007 ta
008 220923b |||||||| |||| 00| 0 eng d
020 _a8171411223
037 _cGeneral Book
040 _aRTL
_cRTL
_beng
041 _2eng
_aeng
082 _aX91:9.2.N9, N1
100 _aRao V S P
245 0 _aHuman resource mangement in small industry
260 _a New Delhi
_bDiscovery India
_c1991
300 _axxi,420p
_ccm.
500 _aBib p. 410-15,Appendix p. 383-409
650 _aIndustrial Economices
_9231476
942 _hX91:9.2.N9, N1
_cGB
_2CC
999 _c597666
_d597666